[Event "Reykjavik Open 2010"]
[Site "Reykjavik City Hall"]
[Date "2010.02.27"]
[Round "4.7"]
[White "Cori, Jorge"]
[Black "Stefansson, Hannes"]
[Result "0-1"]
[WhiteElo "2483"]
[BlackElo "2574"]
[PlyCount "86"]
[EventDate "2010.02.24"]

1. e4 e5 2. Nf3 Nc6 3. Bb5 Nf6 4. O-O Nxe4 5. d4 Nd6 6. Bxc6 dxc6 7. dxe5 Nf5
8. Qxd8+ Kxd8 9. b3 h6 10. Ba3 Bxa3 11. Nxa3 Be6 12. Rad1+ Kc8 13. h3 c5 14. c4
a5 15. Nc2 a4 16. Nfe1 h5 17. Nd3 b6 18. g4 hxg4 19. hxg4 Nd4 20. Nxd4 cxd4 21.
f3 Kb7 22. Kg2 axb3 23. axb3 Ra3 24. Nf4 c5 25. Rb1 Kc6 26. Kg3 Rb8 27. Rfc1 b5
28. cxb5+ Rxb5 29. b4 d3 30. Nxe6 fxe6 31. Kf2 Kd5 32. Rxc5+ Rxc5 33. bxc5 Kd4
34. Rb4+ Kc3 35. Rb6 Ra2+ 36. Kg3 d2 37. Rd6 Kc2 38. c6 d1=Q 39. Rxd1 Kxd1 40.
f4 Ke2 41. c7 Rc2 42. f5 Ke3 43. f6 Rxc7 0-1

[Event "Reykjavik Open 2010"]
[Site "Reykjavik City Hall"]
[Date "2010.02.27"]
[Round "4.8"]
[White "Grover, Sahaj"]
[Black "Nataf, Igor-Alexandre"]
[Result "0-1"]
[WhiteElo "2448"]
[BlackElo "2534"]
[PlyCount "70"]
[EventDate "2010.02.24"]

1. e4 c5 2. Nf3 d6 3. d4 cxd4 4. Nxd4 Nf6 5. Nc3 g6 6. f4 Nc6 7. Nf3 Bg7 8. Bd3
O-O 9. O-O b5 10. Qe1 b4 11. Ne2 Ba6 12. f5 Qb6+ 13. Kh1 Bxd3 14. cxd3 Qb5 15.
Nf4 gxf5 16. exf5 Qxf5 17. Nh4 Qd7 18. Ne2 e6 19. Qg3 Kh8 20. Qh3 Rab8 21. Ng3
Rb5 22. Nf3 Ne7 23. Ng5 Neg8 24. N3e4 Rf5 25. Be3 h6 26. Rxf5 exf5 27. Nxf6
Nxf6 28. Bd2 Ng4 29. Rf1 Qe7 30. Nf3 Qe2 31. Kg1 Qxd3 32. Be1 Qe3+ 33. Kh1 Qe2
34. Kg1 Rc8 35. Bd2 Rc2 0-1

[Event "Reykjavik Open 2010"]
[Site "Reykjavik City Hall"]
[Date "2010.02.27"]
[Round "4.10"]
[White "Gupta, Abhijeet"]
[Black "Arngrimsson, Dagur"]
[Result "1-0"]
[WhiteElo "2577"]
[BlackElo "2383"]
[PlyCount "74"]
[EventDate "2010.02.24"]

1. d4 d5 2. c4 c6 3. Nc3 dxc4 4. e4 b5 5. a4 b4 6. Na2 Nf6 7. e5 Nd5 8. Bxc4 e6
9. Nf3 a5 10. Bg5 Qb6 11. O-O h6 12. Bh4 Ba6 13. Bxa6 Nxa6 14. Nc1 Ne7 15. Bxe7
Bxe7 16. Nb3 c5 17. Nfd2 cxd4 18. Nc4 Qc7 19. Qxd4 O-O 20. Nd6 Rfd8 21. Rfd1
Rd7 22. Rac1 Qd8 23. Rc6 Nb8 24. Rb6 Ra6 25. Rxa6 Nxa6 26. g3 g6 27. Qd3 Qa8
28. Nxa5 Nc7 29. Nac4 Nd5 30. a5 Bd8 31. Qf3 Bc7 32. Ne4 Qa6 33. Nc5 Qxc4 34.
Nxd7 Bxa5 35. Nf6+ Nxf6 36. exf6 Kh7 37. Rd7 e5 1-0

[Event "Reykjavik Open 2010"]
[Site "Reykjavik City Hall"]
[Date "2010.02.27"]
[Round "4.13"]
[White "Miezis, Normunds"]
[Black "Gretarsson, Hjorvar Steinn"]
[Result "1-0"]
[WhiteElo "2533"]
[BlackElo "2358"]
[PlyCount "97"]
[EventDate "2010.02.24"]

1. c4 e6 2. e4 c5 3. Nc3 Nc6 4. d3 g6 5. h4 h5 6. Bg5 Qc7 7. Nge2 a6 8. g3 Bg7
9. Bg2 d6 10. a3 Bd7 11. Rb1 Nge7 12. b4 Nd4 13. O-O Nec6 14. bxc5 dxc5 15. Bf4
Nxe2+ 16. Nxe2 e5 17. Be3 Nd4 18. Nc3 Bc6 19. Bxd4 cxd4 20. Nd5 Qd6 21. c5 Qd8
22. Rb6 a5 23. Qb3 O-O 24. f4 exf4 25. Nxf4 Kh7 26. e5 Bxe5 27. Bxc6 bxc6 28.
Rb7 Kh6 29. Nh3 Rb8 30. Ng5 Qc8 31. Rfxf7 Rxf7 32. Rxf7 Qg8 33. Qd1 Bxg3 34.
Rh7+ Qxh7 35. Nxh7 Kxh7 36. Qf3 Rb1+ 37. Kg2 Bxh4 38. Qxc6 g5 39. Qd7+ Kg6 40.
Qe6+ Kg7 41. Qe5+ Kg6 42. Qxd4 g4 43. c6 Bf6 44. Qe4+ Kg5 45. Qe3+ Kh4 46. Qf2+
Kg5 47. c7 h4 48. Qe3+ Kh5 49. Qc5+ 1-0

[Event "Reykjavik Open 2010"]
[Site "Reykjavik City Hall"]
[Date "2010.02.27"]
[Round "4.17"]
[White "Tania, Sachdev"]
[Black "Gunnarsson, Jon Viktor"]
[Result "1/2-1/2"]
[WhiteElo "2398"]
[BlackElo "2429"]
[Annotator ",User"]
[PlyCount "49"]
[EventDate "2010.02.24"]

1. d4 Nf6 2. Nf3 g6 3. Nc3 Bg7 4. e4 d6 5. Bc4 O-O 6. Qe2 Bg4 7. e5 Nfd7 8. e6
Nb6 9. exf7+ Kh8 10. Be6 Bxe6 11. Qxe6 Qd7 12. Qe4 d5 13. Qf4 Nc6 14. Be3 Nc4
15. O-O-O e6 16. Ng5 h6 17. h4 Qe7 18. a3 e5 19. Qg4 exd4 20. Nxd5 Qd6 21. Qe4
dxe3 22. Qxc4 Qe5 23. c3 exf2 24. Nf4 Qf5 25. Nfe6 {...} 1/2-1/2

[Event "Reykjavik Open 2010"]
[Site "Reykjavik City Hall"]
[Date "2010.02.27"]
[Round "4.18"]
[White "Zaremba, Andrie"]
[Black "Thorhallsson, Throstur"]
[Result "1/2-1/2"]
[WhiteElo "2360"]
[BlackElo "2426"]
[PlyCount "37"]
[EventDate "2010.02.24"]

1. d4 d5 2. Nf3 Nf6 3. c4 dxc4 4. Nc3 c5 5. e3 e6 6. Bxc4 a6 7. a4 Nc6 8. O-O
Be7 9. dxc5 Bxc5 10. Qxd8+ Kxd8 11. e4 Ng4 12. Bf4 f6 13. h3 Nge5 14. Nxe5 Nxe5
15. Be2 Bd7 16. a5 Ke7 17. Na4 Bxa4 18. Rxa4 Rac8 19. b4 1/2-1/2

[Event "Reykjavik Open 2010"]
[Site "Reykjavik City Hall"]
[Date "2010.02.27"]
[Round "4.19"]
[White "Cori T, Deysi"]
[Black "Halldorsson, Gudmundur"]
[Result "1-0"]
[WhiteElo "2412"]
[BlackElo "2197"]
[PlyCount "123"]
[EventDate "2010.02.24"]

1. d4 e6 2. c4 f5 3. Nf3 Nf6 4. g3 d5 5. Bg2 c6 6. O-O Bd6 7. b3 Qe7 8. Qc2 O-O
9. Bb2 Ne4 10. Ne5 Nd7 11. Nd2 Nxe5 12. dxe5 Bc5 13. Rac1 b6 14. Nf3 Ba6 15. a3
Rac8 16. e3 Qd7 17. Rfd1 Be7 18. b4 c5 19. cxd5 exd5 20. Qb3 Rfd8 21. Nd2 Be2
22. Nxe4 Bxd1 23. Nf6+ gxf6 24. Rxd1 c4 25. Qc3 d4 26. Rxd4 Qe6 27. exf6 Qxf6
28. Qc2 Rxd4 29. Bxd4 Qe6 30. Bh3 Rf8 31. e4 b5 32. Bxf5 Qf7 33. Qe2 Bf6 34. e5
Bg7 35. g4 Rd8 36. e6 Qe8 37. Bxg7 Kxg7 38. Qe5+ Kf8 39. Qh8+ Ke7 40. Qg7+ Kd6
41. Qd4+ Ke7 42. Qg7+ Kd6 43. Qxa7 Qc6 44. Qxh7 c3 45. h4 Qd5 46. Qh6 Qd1+ 47.
Kh2 Qd2 48. e7+ Kxe7 49. Qe6+ Kf8 50. Qf6+ Ke8 51. Bg6+ Kd7 52. Qf5+ Kc7 53.
Qc5+ Kd7 54. Qxb5+ Kd6 55. Qc5+ Kd7 56. Kh3 Ke6 57. Qf5+ Kd6 58. h5 Kc7 59.
Qc5+ Kd7 60. a4 Qe1 61. Kg2 Qd2 62. a5 1-0

[Event "Reykjavik Open 2010"]
[Site "Reykjavik City Hall"]
[Date "2010.02.27"]
[Round "4.20"]
[White "Bjornsson, Tomas"]
[Black "Karavade, Eesha"]
[Result "0-1"]
[WhiteElo "2155"]
[BlackElo "2405"]
[PlyCount "64"]
[EventDate "2010.02.24"]

1. d4 Nf6 2. Nf3 g6 3. g3 Bg7 4. Bg2 O-O 5. O-O d5 6. c4 dxc4 7. Na3 Nc6 8.
Nxc4 Be6 9. b3 Bd5 10. Bb2 a5 11. Ne3 Be4 12. Ne5 Bxg2 13. Kxg2 Nd5 14. N3c4
Nxe5 15. Nxe5 Nb4 16. e4 Bxe5 17. dxe5 Qd3 18. Qxd3 Nxd3 19. Ba3 c5 20. Rfd1
Rfd8 21. Kf1 b6 22. f4 Rd4 23. Rd2 Rad8 24. Rad1 g5 25. fxg5 e6 26. h4 Kg7 27.
Ke2 Rxe4+ 28. Kf3 Red4 29. Ke3 Nf2 30. Rxf2 Rxd1 31. h5 R1d3+ 32. Ke2 Rd2+ 0-1

[Event "Reykjavik Open 2010"]
[Site "Reykjavik City Hall"]
[Date "2010.02.27"]
[Round "4.21"]
[White "Thorfinnsson, Bragi"]
[Black "Omarsson, Dadi"]
[Result "1-0"]
[WhiteElo "2398"]
[BlackElo "2131"]
[PlyCount "167"]
[EventDate "2010.02.24"]

1. d4 Nf6 2. c4 g6 3. g3 Bg7 4. Bg2 O-O 5. Nc3 d6 6. Nf3 Nc6 7. O-O a6 8. d5
Na5 9. Nd2 c5 10. Rb1 Rb8 11. a3 b5 12. cxb5 axb5 13. b4 cxb4 14. axb4 Qc7 15.
Bb2 Nc4 16. Ba1 Bd7 17. Nb3 Rfc8 18. Nd4 Qb6 19. e3 Ng4 20. Qe2 Ngxe3 21. fxe3
Nxe3 22. Na4 bxa4 23. Qxe3 Rc4 24. Rbd1 Bg4 25. Rd2 Rxb4 26. Qf2 Rf8 27. Nc6
Qxf2+ 28. Rdxf2 Rb7 29. Bxg7 Kxg7 30. Rf4 Bd7 31. Rxa4 e6 32. Rd4 Rc8 33. Rd2
Rbc7 34. Nd4 Re8 35. dxe6 Bxe6 36. Nb5 Rc5 37. Nxd6 Re7 38. Re1 Ra7 39. Rf2 Ra2
40. Ne8+ Kf8 41. Rxa2 Bxa2 42. Nf6 Kg7 43. Ne8+ Kf8 44. Nd6 Be6 45. Ne4 Ra5 46.
Rc1 Kg7 47. Nc5 Bf5 48. Nb3 Ra4 49. Bd5 Ra7 50. Nd4 Bg4 51. Nc6 Rc7 52. Kf2 Bf5
53. Rc4 Rb7 54. Rb4 Rd7 55. Rd4 Rb7 56. g4 Bd7 57. Ne5 Rb2+ 58. Kg3 Be8 59. Rd3
Re2 60. Nc4 Bd7 61. Re3 Bxg4 62. Kxg4 Rxh2 63. Re7 Rf2 64. Ne5 h5+ 65. Kg3 Rf5
66. Bxf7 Rg5+ 67. Kf4 Rg1 68. Bxg6+ Kf6 69. Rf7+ Ke6 70. Bf5+ Kd6 71. Ra7 Kc5
72. Rc7+ Kd5 73. Be4+ Kd6 74. Rd7+ Kc5 75. Rd5+ Kb6 76. Nc4+ Kc7 77. Rxh5 Kd7
78. Ke5 Ke7 79. Rh7+ Kf8 80. Nb6 Kg8 81. Rc7 Re1 82. Nd5 Rf1 83. Nf6+ Kf8 84.
Ke6 1-0

[Event "Reykjavik Open 2010"]
[Site "Reykjavik City Hall"]
[Date "2010.02.27"]
[Round "4.22"]
[White "Kveinys, Aloyzas"]
[Black "Bergsson, Stefan"]
[Result "1-0"]
[WhiteElo "2536"]
[BlackElo "2079"]
[PlyCount "69"]
[EventDate "2010.02.24"]

1. d4 Nf6 2. Nf3 e6 3. c4 Bb4+ 4. Nbd2 b6 5. a3 Bxd2+ 6. Qxd2 Bb7 7. e3 c5 8.
Be2 O-O 9. O-O Ne4 10. Qc2 d5 11. dxc5 bxc5 12. cxd5 exd5 13. b4 c4 14. Nd4 Nd7
15. Bb2 Qg5 16. Rad1 Rac8 17. Bc3 Rfe8 18. Rc1 Nxc3 19. Qxc3 Nf6 20. Bf3 Ne4
21. Bxe4 Rxe4 22. Rc2 Rce8 23. b5 h5 24. Rd1 h4 25. h3 Bc8 26. Kh1 Qh5 27. Rcd2
Bb7 28. a4 f5 29. Nc6 Bxc6 30. bxc6 Qg6 31. Rxd5 f4 32. c7 fxe3 33. fxe3 Qg3
34. Rd7 R4e5 35. Qxc4+ 1-0

[Event "Reykjavik Open 2010"]
[Site "Reykjavik City Hall"]
[Date "2010.02.27"]
[Round "4.23"]
[White "Galego, Luis"]
[Black "Olafsson, Thorvardur"]
[Result "1-0"]
[WhiteElo "2487"]
[BlackElo "2217"]
[PlyCount "135"]
[EventDate "2010.02.24"]

1. e4 e5 2. Nf3 Nc6 3. Bb5 a6 4. Ba4 Nf6 5. O-O b5 6. Bb3 Be7 7. Re1 d6 8. c3
O-O 9. h3 Na5 10. Bc2 c5 11. d4 Nd7 12. d5 Nb6 13. Nbd2 f5 14. Nf1 f4 15. N1h2
Qe8 16. Bd3 g5 17. Be2 Qg6 18. Nd2 Bd7 19. Bh5 Qg7 20. b3 Be8 21. Qe2 Bxh5 22.
Qxh5 Qf7 23. Qe2 h5 24. c4 bxc4 25. bxc4 Qg6 26. Rb1 Bd8 27. Bb2 Ra7 28. f3 Qe8
29. Bc3 Qa4 30. Bxa5 Qxa5 31. Qd3 Bc7 32. Rec1 Rb8 33. Rc3 Na4 34. Rxb8+ Bxb8
35. Ra3 Nb2 36. Qb3 Qb4 37. Qxb4 cxb4 38. Rb3 Nd1 39. Rxb4 Ra8 40. Kf1 Ne3+ 41.
Ke2 Ba7 42. Nhf1 Nxg2 43. Rb7 Bc5 44. Nb3 Rc8 45. Na5 g4 46. hxg4 hxg4 47. fxg4
Rf8 48. Nd2 f3+ 49. Nxf3 Nf4+ 50. Kd1 Ng2 51. Rb3 Ne3+ 52. Ke2 Nxg4 53. Nb7 Rf4
54. Nxc5 dxc5 55. Nd2 Rf2+ 56. Ke1 Rg2 57. Ra3 Kf7 58. Rxa6 Ne3 59. Nf3 Nc2+
60. Kd1 Ne3+ 61. Kc1 Nxc4 62. Ra4 Nb2 63. Ra7+ Kf6 64. Ra6+ Ke7 65. Nxe5 Rf2
66. d6+ Ke6 67. d7+ Ke7 68. Ra8 1-0

[Event "Reykjavik Open 2010"]
[Site "Reykjavik City Hall"]
[Date "2010.02.27"]
[Round "4.26"]
[White "Player, Edmund C"]
[Black "Lagerman, Robert"]
[Result "1/2-1/2"]
[WhiteElo "2156"]
[BlackElo "2347"]
[PlyCount "39"]
[EventDate "2010.02.24"]

1. e4 e5 2. Nc3 Nc6 3. Nf3 Nf6 4. g3 d5 5. exd5 Nxd5 6. Bg2 Nxc3 7. bxc3 Bd6 8.
O-O O-O 9. Rb1 Be6 10. Rxb7 Bxa2 11. d3 Qc8 12. Rb2 Bd5 13. c4 Be6 14. Ng5 Bd7
15. Nxh7 Kxh7 16. Qh5+ Kg8 17. Be4 g6 18. Bxg6 fxg6 19. Qxg6+ Kh8 20. Qh6+
1/2-1/2

[Event "Reykjavik Open 2010"]
[Site "Reykjavik City Hall"]
[Date "2010.02.27"]
[Round "4.27"]
[White "Westerinen, Heikki M J"]
[Black "Andersson, Christin"]
[Result "1-0"]
[WhiteElo "2333"]
[BlackElo "2135"]
[PlyCount "65"]
[EventDate "2010.02.24"]

1. e4 e5 2. Nf3 d6 3. d4 exd4 4. Nxd4 Nf6 5. Nc3 Be7 6. Be2 O-O 7. O-O a6 8. f4
c5 9. Nb3 Nc6 10. Bf3 Be6 11. Nd5 Rc8 12. a4 c4 13. Nd4 Nxd4 14. Nxe7+ Qxe7 15.
Qxd4 Rfe8 16. Bd2 Bd7 17. Bc3 Bc6 18. Rfe1 Qd7 19. a5 Ba4 20. e5 dxe5 21. fxe5
Qxd4+ 22. Bxd4 Bxc2 23. exf6 Red8 24. Bc3 gxf6 25. Bxf6 Rd6 26. Bxb7 Rb8 27.
Be5 Rxb7 28. Bxd6 f6 29. Ba3 Rb5 30. Re6 Kf7 31. Rxa6 Rd5 32. Bb4 Be4 33. Bc3
1-0

[Event "Reykjavik Open 2010"]
[Site "Reykjavik City Hall"]
[Date "2010.02.27"]
[Round "4.28"]
[White "Bjornsson, Sigurbjorn"]
[Black "Guttulsrud, Odd Martin"]
[Result "1-0"]
[WhiteElo "2317"]
[BlackElo "2061"]
[PlyCount "61"]
[EventDate "2010.02.24"]

1. e4 c5 2. Nf3 d6 3. d4 cxd4 4. Nxd4 Nf6 5. Nc3 a6 6. Be3 e5 7. Nb3 Be6 8. f3
Be7 9. Qd2 Nbd7 10. g4 Nb6 11. g5 Nh5 12. O-O-O O-O 13. Rg1 Rc8 14. Kb1 Qc7 15.
h4 d5 16. exd5 Nxd5 17. Nxd5 Bxd5 18. Bh3 Be6 19. Bxe6 fxe6 20. Qd7 Kf7 21. g6+
hxg6 22. Qd3 Kg8 23. Qxg6 Rxf3 24. Qxh5 Rxe3 25. Rxg7+ Kxg7 26. Rg1+ Kf8 27.
Qh8+ Kf7 28. Rg7+ Kf6 29. Qh6+ Kf5 30. Qg6+ Kf4 31. Qg4# 1-0

[Event "Reykjavik Open 2010"]
[Site "Reykjavik City Hall"]
[Date "2010.02.27"]
[Round "4.30"]
[White "Thompson, Ian D"]
[Black "Christensen, Esben"]
[Result "1-0"]
[WhiteElo "2266"]
[BlackElo "2008"]
[PlyCount "73"]
[EventDate "2010.02.24"]

1. c4 Nf6 2. Nc3 g6 3. g3 c5 4. Bg2 Bg7 5. Nf3 Nc6 6. d4 b6 7. O-O O-O 8. d5
Na5 9. Qd3 e6 10. e4 Ba6 11. Nd2 Ng4 12. b3 b5 13. cxb5 Bxb5 14. Qxb5 Bxc3 15.
Rb1 d6 16. Qe2 Ne5 17. f4 Nd7 18. dxe6 fxe6 19. Nc4 Nxc4 20. Qxc4 Bd4+ 21. Kh1
Re8 22. Bd2 Nb6 23. Qd3 Rb8 24. b4 e5 25. f5 gxf5 26. Rxf5 Rf8 27. Rbf1 Rxf5
28. Rxf5 Rb7 29. Qa6 Qc8 30. Bh3 Qb8 31. Qf1 Qe8 32. Rf6 Rf7 33. bxc5 dxc5 34.
Bg5 Rxf6 35. Qxf6 h5 36. Be6+ Kh7 37. Qh6# 1-0

[Event "Reykjavik Open 2010"]
[Site "Reykjavik City Hall"]
[Date "2010.02.27"]
[Round "4.31"]
[White "Ingvason, Johann"]
[Black "Einarsson, Halldor"]
[Result "1-0"]
[WhiteElo "2132"]
[BlackElo "2260"]
[PlyCount "69"]
[EventDate "2010.02.24"]

1. e4 c5 2. Nf3 Nc6 3. d4 cxd4 4. Nxd4 Nf6 5. Nc3 e5 6. Nf3 Bb4 7. Bc4 O-O 8.
Bg5 Bxc3+ 9. bxc3 Qa5 10. Bxf6 Qxc3+ 11. Nd2 gxf6 12. O-O d6 13. Re1 Ne7 14.
Re3 Qa5 15. Nf1 Qc5 16. Bb3 f5 17. Qh5 f4 18. Rd3 a5 19. Qg5+ Ng6 20. Qh6 a4
21. Bd5 Ra7 22. Nd2 Kh8 23. Nf3 Qc7 24. h4 Rg8 25. h5 b5 26. Ng5 Rg7 27. hxg6
fxg6 28. Rad1 Qe7 29. Bc6 Bg4 30. f3 Bd7 31. Rxd6 Bxc6 32. Rxc6 Rd7 33. Rc8+
Rg8 34. Rxd7 Qxd7 35. Rf8 1-0

[Event "Reykjavik Open 2010"]
[Site "Reykjavik City Hall"]
[Date "2010.02.27"]
[Round "4.34"]
[White "Steil-Antoni, Fiona"]
[Black "Johnsen, Sylvia"]
[Result "1-0"]
[WhiteElo "2198"]
[BlackElo "2032"]
[PlyCount "69"]
[EventDate "2010.02.24"]

1. e4 e5 2. Bc4 Nc6 3. Nc3 Nf6 4. d3 Bc5 5. f4 d6 6. Nf3 Bg4 7. Na4 Bb6 8. Nxb6
axb6 9. h3 Bxf3 10. Qxf3 Nd4 11. Qf2 b5 12. Bb3 Nxb3 13. cxb3 O-O 14. O-O Nd7
15. f5 f6 16. Be3 c5 17. a3 Ra6 18. Kh2 Qa8 19. Rac1 Rc6 20. g4 b6 21. Qg2 Qe8
22. Rg1 Nb8 23. g5 fxg5 24. Qxg5 Rf7 25. h4 Rcc7 26. Rg3 Nc6 27. Rcg1 Kh8 28.
h5 Rf6 29. Qh4 Nd4 30. h6 Rff7 31. Qh5 Rfe7 32. hxg7+ Kg8 33. Qxh7+ Kxh7 34.
g8=Q+ Qxg8 35. Rh3# 1-0

[Event "Reykjavik Open 2010"]
[Site "Reykjavik City Hall"]
[Date "2010.02.27"]
[Round "4.35"]
[White "Sigurdsson, Sverrir"]
[Black "Thorgeirsson, Sverrir"]
[Result "0-1"]
[WhiteElo "2016"]
[BlackElo "2176"]
[PlyCount "84"]
[EventDate "2010.02.24"]

1. e4 c5 2. Nf3 e6 3. c3 Nf6 4. e5 Nd5 5. d4 cxd4 6. cxd4 b6 7. Nc3 Nxc3 8.
bxc3 Qc7 9. Bd2 d6 10. Bd3 Nd7 11. Ng5 Bb7 12. O-O dxe5 13. dxe5 Be7 14. Qh5
Bxg5 15. Bxg5 Nxe5 16. Bb5+ Bc6 17. Bf4 Bxb5 18. Bxe5 Qc6 19. Rfe1 Bd3 20. Bxg7
Rg8 21. Qg5 Be4 22. Rad1 Bxg2 23. Re3 Bd5 24. Rg3 Qc4 25. a3 Qe2 26. Rxd5 Qe1+
27. Kg2 Qe4+ 28. Kg1 Qxd5 29. Qh4 h5 30. Qa4+ b5 31. Qf4 Rd8 32. Qc7 Qd7 33.
Qf4 Qd6 34. Qh6 Qd1+ 35. Kg2 Qd5+ 36. Kh3 Qf5+ 37. Kg2 Rd3 38. Bd4 Qf3+ 39. Kh3
Qg4+ 40. Kg2 Qe4+ 41. Kh3 Rgxg3+ 42. hxg3 Qh1# 0-1

[Event "Reykjavik Open 2010"]
[Site "Reykjavik City Hall"]
[Date "2010.02.27"]
[Round "4.36"]
[White "Bjarnason, Saevar"]
[Black "Kleinert, Juergen"]
[Result "1-0"]
[WhiteElo "2164"]
[BlackElo "2004"]
[PlyCount "49"]
[EventDate "2010.02.24"]

1. e4 e5 2. f4 exf4 3. Bc4 d6 4. d4 Qh4+ 5. Kf1 g5 6. Nf3 Qh5 7. Nc3 c6 8. h4
h6 9. Kg1 g4 10. Ne1 f3 11. Nd3 fxg2 12. Kxg2 Rh7 13. b4 Qg6 14. Nf4 Qg7 15.
Bb2 Qf6 16. Nce2 Qe7 17. Bd3 h5 18. Ng3 Na6 19. Qd2 Be6 20. d5 Bd7 21. dxc6
Bxc6 22. b5 Nc5 23. bxc6 bxc6 24. e5 Nxd3 25. Qxd3 1-0

[Event "Reykjavik Open 2010"]
[Site "Reykjavik City Hall"]
[Date "2010.02.27"]
[Round "4.37"]
[White "Brynjarsson, Helgi"]
[Black "Ni, Viktorija"]
[Result "0-1"]
[WhiteElo "1964"]
[BlackElo "2162"]
[PlyCount "84"]
[EventDate "2010.02.24"]

1. e4 c5 2. Nc3 e6 3. g3 Nc6 4. Bg2 g6 5. Nge2 Bg7 6. O-O Nge7 7. d3 O-O 8. Be3
d6 9. Qd2 Nd4 10. Rab1 Rb8 11. Nd1 b5 12. c3 Nxe2+ 13. Qxe2 b4 14. c4 Rb6 15.
f4 Ra6 16. b3 Qa5 17. Rf2 d5 18. cxd5 exd5 19. g4 f5 20. gxf5 gxf5 21. e5 d4
22. Bc1 Be6 23. Rb2 Nd5 24. Bd2 Qd8 25. Rf3 Kh8 26. Rc2 Rg8 27. Be1 Bh6 28. Bg3
Nc3 29. Nxc3 bxc3 30. Rf2 c4 31. bxc4 Bxc4 32. Bh3 Be6 33. Qh5 Qf8 34. Kf1 Rb6
35. Bh4 Rb1+ 36. Ke2 Rgg1 37. Bf1 Rb2 38. Ke1 Rb1+ 39. Ke2 Bg7 40. Bg5 Qb8 41.
Qh3 Re1+ 42. Kxe1 Qb1+ 0-1

[Event "Reykjavik Open 2010"]
[Site "Reykjavik City Hall"]
[Date "2010.02.27"]
[Round "4.38"]
[White "Hjartarson, Bjarni"]
[Black "Thorsteinsdottir, Hallgerdur"]
[Result "1-0"]
[WhiteElo "2162"]
[BlackElo "1946"]
[PlyCount "83"]
[EventDate "2010.02.24"]

1. e4 c6 2. d4 d5 3. Nc3 dxe4 4. Nxe4 Bf5 5. Ng3 Bg6 6. h4 h6 7. h5 Bh7 8. Nf3
Nd7 9. Bd3 Bxd3 10. Qxd3 e6 11. Bf4 Qa5+ 12. Bd2 Bb4 13. c3 Be7 14. c4 Qc7 15.
O-O Ngf6 16. Bc3 O-O 17. Rac1 Bd6 18. Nd2 Bxg3 19. fxg3 Nxh5 20. Rf3 Rad8 21.
Qe3 Nhf6 22. Ne4 Ng4 23. Qe2 e5 24. Bb4 Qb6 25. Bc5 Nxc5 26. dxc5 Qc7 27. Rf5
h5 28. Rxh5 Qd7 29. Nd6 b6 30. Nf5 Nf6 31. Rg5 g6 32. Qxe5 Ne8 33. Ne7+ Kh7 34.
Rh5+ gxh5 35. Qxh5+ Kg7 36. Nf5+ Kg8 37. Qg5+ Kh7 38. Re1 f6 39. Qh6+ Kg8 40.
Ne7+ Qxe7 41. Rxe7 Rf7 42. Qg6+ 1-0

[Event "Reykjavik Open 2010"]
[Site "Reykjavik City Hall"]
[Date "2010.02.27"]
[Round "4.39"]
[White "Jonsson, Olafur Gisli"]
[Black "Ocantos, Manuel"]
[Result "0-1"]
[WhiteElo "1872"]
[BlackElo "2158"]
[PlyCount "56"]
[EventDate "2010.02.24"]

1. d4 Nf6 2. Nf3 e6 3. e3 c5 4. Bd3 b6 5. O-O Be7 6. c4 O-O 7. Nc3 cxd4 8. exd4
Bb7 9. Qe2 Nc6 10. Rd1 d5 11. cxd5 exd5 12. Bg5 Re8 13. Qd2 Nb4 14. Bf5 g6 15.
Bh3 Ne4 16. Nxe4 dxe4 17. Bxe7 Qxe7 18. Ne5 f6 19. Ng4 Nd3 20. f3 f5 21. Nh6+
Kh8 22. fxe4 Bxe4 23. g3 Qg7 24. Bg2 Qxd4+ 25. Kh1 Nf2+ 26. Kg1 Nh3+ 27. Kf1
Qxd2 28. Rxd2 Kg7 0-1

[Event "Reykjavik Open 2010"]
[Site "Reykjavik City Hall"]
[Date "2010.02.27"]
[Round "4.40"]
[White "Ragnarsson, Johann"]
[Black "Fridthjofsdottir, Sigurl  Regin"]
[Result "0-1"]
[WhiteElo "2140"]
[BlackElo "1809"]
[PlyCount "70"]
[EventDate "2010.02.24"]

1. d4 Nf6 2. c4 e6 3. Nc3 b6 4. Bg5 Bb7 5. e3 Bb4 6. Nf3 O-O 7. Be2 d6 8. O-O
Bxc3 9. bxc3 Nbd7 10. Nd2 h6 11. Bh4 c5 12. Bd3 Qc8 13. f4 d5 14. g4 dxc4 15.
Bc2 cxd4 16. g5 Nd5 17. Qh5 d3 18. e4 Nxc3 19. f5 Ne2+ 20. Kf2 exf5 21. gxh6 g6
22. h7+ Kh8 23. Qh6 Qc5+ 24. Ke1 Qe5 25. Ba4 Qxa1+ 26. Kf2 Qd4+ 27. Ke1 c3 28.
Bxd7 cxd2+ 29. Kxd2 Bxe4 30. Bxf5 Bxf5 31. Rxf5 Qc3+ 32. Kd1 Qc1+ 33. Qxc1 Nxc1
34. Bf6+ Kxh7 35. Rf3 g5 0-1

[Event "Reykjavik Open 2010"]
[Site "Reykjavik City Hall"]
[Date "2010.02.27"]
[Round "4.41"]
[White "De Andres Gonalons, Fernando"]
[Black "Palsson, Svanberg Mar"]
[Result "1-0"]
[WhiteElo "2124"]
[BlackElo "1769"]
[PlyCount "45"]
[EventDate "2010.02.24"]

1. d4 Nf6 2. c4 g6 3. g3 Bg7 4. Bg2 O-O 5. Nf3 d5 6. cxd5 Nxd5 7. O-O c6 8. e4
Nf6 9. Nc3 Bg4 10. h3 Bxf3 11. Bxf3 Qd7 12. Bg2 Rd8 13. Be3 Na6 14. Qe2 Rac8
15. Rfd1 Qe8 16. Rac1 c5 17. d5 Nd7 18. f4 Bxc3 19. Rxc3 Nab8 20. f5 gxf5 21.
exf5 e6 22. Qg4+ Kh8 23. Bg5 1-0

[Event "Reykjavik Open 2010"]
[Site "Reykjavik City Hall"]
[Date "2010.02.27"]
[Round "4.42"]
[White "Antonsson, Atli"]
[Black "Thorsteinsson, Erlingur"]
[Result "0-1"]
[WhiteElo "1716"]
[BlackElo "2123"]
[PlyCount "84"]
[EventDate "2010.02.24"]

1. d4 a6 2. g3 g6 3. c4 Bg7 4. Nc3 Nf6 5. e4 d6 6. Bg2 O-O 7. Nge2 e5 8. d5 c6
9. O-O cxd5 10. cxd5 b5 11. Bg5 Nbd7 12. Qd2 Bb7 13. Rac1 Rc8 14. b4 Nb6 15.
Rc2 Nc4 16. Qc1 Qb6 17. Bh3 Rc7 18. Kh1 Bc8 19. Bg2 Bd7 20. Na4 Qa7 21. Be3 Qb8
22. Nb6 Ng4 23. Nxc4 bxc4 24. Rxc4 Rfc8 25. Rxc7 Rxc7 26. Qd2 Nxe3 27. fxe3 Bh6
28. Nc3 Qxb4 29. Qf2 Be8 30. Nd1 Bb5 31. Re1 Ba4 32. Rf1 Qb7 33. Qf6 Bb5 34.
Re1 Qb6 35. Bf1 Qa5 36. Qf2 Bd7 37. Bd3 Qa3 38. Qf6 Qxd3 39. Qd8+ Kg7 40. Qxc7
Qxe4+ 41. Kg1 Bh3 42. Re2 Qf3 0-1

[Event "Reykjavik Open 2010"]
[Site "Reykjavik City Hall"]
[Date "2010.02.27"]
[Round "4.44"]
[White "Sigurdsson, Birkir Karl"]
[Black "Yurenok, Maria S"]
[Result "0-1"]
[WhiteElo "1446"]
[BlackElo "1974"]
[PlyCount "98"]
[EventDate "2010.02.24"]

1. Nf3 d5 2. d4 Nf6 3. c4 c6 4. cxd5 cxd5 5. Nc3 Nc6 6. Bg5 Ne4 7. Bd2 Nxd2 8.
Qxd2 Bf5 9. e3 a6 10. Be2 e6 11. O-O Bd6 12. a3 Na5 13. Qd1 b5 14. Nd2 O-O 15.
e4 dxe4 16. Ndxe4 Be7 17. b4 Nc6 18. d5 exd5 19. Ng3 Be6 20. Bf3 Bf6 21. Rc1
Nd4 22. Bg4 g6 23. Bxe6 fxe6 24. Nce2 Nxe2+ 25. Qxe2 Qb6 26. Qc2 Bd4 27. Qd2
Rac8 28. Rc2 Rc4 29. Qe2 Rfc8 30. Ra2 Rc1 31. Rxc1 Rxc1+ 32. Nf1 Qc6 33. h3 e5
34. Rd2 Qc4 35. Qd3 Qxd3 36. Rxd3 Rc3 37. Rxc3 Bxc3 38. Ne3 d4 39. Nd5 Bb2 40.
Nc7 Bxa3 41. Nxa6 Kf7 42. Kf1 Ke6 43. Ke2 Kd5 44. Nc7+ Kc4 45. g3 Bxb4 46. f4
e4 47. g4 d3+ 48. Ke3 Bc5+ 49. Kd2 e3+ 0-1

[Event "Reykjavik Open 2010"]
[Site "Reykjavik City Hall"]
[Date "2010.02.27"]
[Round "4.45"]
[White "Finnbogadottir, Tinna Kristin"]
[Black "Unnarsson, Sverrir"]
[Result "1/2-1/2"]
[WhiteElo "1750"]
[BlackElo "1958"]
[PlyCount "58"]
[EventDate "2010.02.24"]

1. e4 d5 2. exd5 Nf6 3. d4 Nxd5 4. Nf3 Bg4 5. Be2 e6 6. O-O Be7 7. b3 O-O 8. c4
Nb6 9. Ba3 Nc6 10. Bxe7 Qxe7 11. Ne5 Nxe5 12. dxe5 Rad8 13. Qe1 Qg5 14. Nc3
Bxe2 15. Qxe2 Rd2 16. Qe4 Rfd8 17. h3 c6 18. Rad1 h6 19. Rxd2 Rxd2 20. h4 Qd8
21. g3 Nc8 22. Qb1 Qd4 23. Ne4 Rd3 24. Re1 Ne7 25. Qa1 Nf5 26. Qxd4 Rxd4 27. f3
Kf8 28. Kf2 Ke7 29. h5 Rd8 1/2-1/2